LEADER 00963nam a2200217 i 4500 001 000000208958 003 CaOOAMICUS 005 20161207000000.0 008 161207s1891 it u000 u ita u 013 $a187746 040 $aSeMil$bita 100 1 $aLabadini, Ausano.$0(OLS)http://semarc/name/74927 245 13$aIl forno rurale cooperativo :$bnote pratiche amministrative /$cdel ragioniere Ausano Labadini. 250 $a4. ed. accresciuta / autorizzata dalla Provincia di Milano. 260 $aMilano :$bTipografia Galli & Raimondi,$c1891. 300 $aVIII, 444 p. ;$c24 cm. 650 4$aCooperative agricole.$0(OLS)http://semarc/subject/39249 850 $aSeMil 852 $aSeMil$W1$xVenegono$y1$m3M III 12 FA$j159412$B159412$CSeMilBibl$Z2$F214963 $8I 996 $6245$aIl forno rurale cooperativo :$bnote pratiche amministrative$9(OLS)http://semarc/title/302068 996 $6260$aMilano :$bTipografia Galli & Raimondi$9(OLS)http://semarc/publisher/52337 LEADER 00474nab a2200145 i 4500 001 000000316250 003 CaOOAMICUS 005 20180831173205.0 008 180831n xx uu u0 0und r 013 $a25333 040 $aSeMil$bita 100 1 $aMarzotto, Damiano,$d<1944- >.$0(OLS)http://semarc/name/36373 245 13$aIl celibato nel Nuovo Testamento. 773 0 $t[Gennaio-Dicembre].$g333-370$w()273987 996 $6245$aIl celibato nel Nuovo Testamento$9(OLS)http://semarc/title/390276